[Event "Karaj Alborz Parsa School"]
[Site "Karaj"]
[Date "2017.10.19"]
[Round "6.2"]
[White "Ghodousi, Arian"]
[Black "Nazifi, Hasan"]
[Result "0-1"]
[WhiteElo "1225"]
[BlackElo "1394"]
[PlyCount "56"]
[EventDate "2017.10.12"]
[EventType "swiss"]
[EventRounds "9"]
[EventCountry "IRI"]
[SourceTitle "EXT 2024"]
[Source "ChessBase"]
[SourceDate "2023.10.10"]
[SourceVersion "1"]
[SourceVersionDate "2023.10.10"]
[SourceQuality "1"]

1. e4 c5 2. Nf3 e6 3. Nc3 a6 4. d3 b5 5. Be3 Nc6 6. Qd2 Bb7 7. Rd1 Qc7 8. d4 cxd4 9. Nxd4 Nf6 10. f3 Be7 11. Nce2 0-0 12. Ng3 g6 13. Be2 d5 14. exd5 Nxd5 15. Nxc6 Qxc6 16. c3 Rfd8 17. Bd4 f6 18. Bd3 e5 19. Bf2 Nf4 20. Qc2 Nxg2+ 21. Kf1 Nf4 22. Be2 Rxd1+ 23. Qxd1 Rd8 24. Qe1 Nd3 25. Qb1 Nf4 26. Qe4 Qc8 27. Qe3 Qh3+ 28. Ke1 Ng2+ 0-1